000 00859cab a2200217 4500
001 WB2737-76
008 090401t1991 xxu||||| |||| 00| 0 eng d
035 _a(Sirsi) u60839
041 _aeng
245 _aFaster London rail links planned
260 _c1991
350 _a0
490 _aTimes
_v25 September 1991, 3(1)
520 _aTraditional patterns of communting in London and the South-East could be transformed by plans to upgrade Network South-East`s Thameslink service between Bedford and Brighton. Proposals to increase capacity on one of the key southern approaches into central London will provide a regular peak time service between North and South London including Gatwick Airport.
650 _aCOMMUTING
650 _aLONDON
650 _aRAILWAYS
690 _aTRANSPORT AND COMMUNICATIONS
942 _n0
948 _c04/03/1997
999 _c37614
_d37614